Firmen Logos A-Z #2 - Statistiken

Allgemein
  • Dieses Quiz wurde 845 mal gespielt
  • Das Durchschnittsergebnis liegt bei 14 aus 26
Antwortstatistiken
Bildquiz Antwort % Korrekt
Aldi
98%
Edeka
98%
Snickers
94%
Müller
92%
Fanta
91%
yahoo
86%
Bitburger
84%
Twix
84%
Rockstar
78%
Nestle
76%
kik
71%
Juventus
68%
Kahoot
62%
Paramount
61%
durex
53%
Canon
45%
Maserati
45%
GE
18%
Hilton Hotels
18%
DW
16%
ÖBB
15%
Leica
12%
Wii U
10%
Wizz Air
10%
Vegas Golden Knights
5%
Quicksilver
3%
Keine übereinstimmenden Quizze gefunden
Verteilung der Resultate
Anzahl Personen mit jedem Resultat
Perzentil nach korrekt beantworteten Fragen
Ihre Resultats-Entwicklung
Sie haben dieses Quiz noch nicht gespielt